[Event "Baku FIDE GP"]
[Site "Baku"]
[Date "2014.10.12"]
[Round "9"]
[White "Radjabov, Teimour"]
[Black "Karjakin, Sergey"]
[Result "1/2-1/2"]
[WhiteElo "2726"]
[BlackElo "2767"]
[Annotator "Marin,M"]
[PlyCount "60"]
[EventDate "2014.10.02"]
[EventType "tourn"]
[EventRounds "11"]
[EventCountry "AZE"]
[EventCategory "21"]
[SourceTitle "CBM 163"]
[Source "ChessBase"]
[SourceDate "2014.11.11"]
[SourceVersion "1"]
[SourceVersionDate "2014.11.11"]
[SourceQuality "1"]

1. Nf3 Nf6 2. c4 c5 3. Nc3 Nc6 4. g3 d5 5. d4 {Starting with the '90s, this
used to be a very effective weapon in Kramnik's hands, but in the meanwhile
Black seems to have found ways of neutralising White's slight pressure.} cxd4
6. Nxd4 dxc4 7. Nxc6 Qxd1+ 8. Nxd1 bxc6 9. Bg2 Nd5 10. Ne3 e6 11. Nxc4 Ba6 12.
Na5 ({Another move favoured by Kramnik is} 12. b3 Bb4+ 13. Bd2 Bxd2+ 14. Nxd2
Nb4 15. Kd1 O-O-O 16. a3 Nd5 17. Rc1 Kb7 18. Ke1 $1 {Kramnik,V (2772)-Leko,P 
(2738) Miskolc m rapid 2007 (5) 1-0 as in}) 12... Rc8 {Black intends proving
that the c-pawn is not weak at all.} ({Alternatively, he could fight for
counterplay which would suppsedly compensate for this weakness with} 12... Bb4+
{Lautier,J (2672)-Vachier Lagrave,M (2527) FRA-ch Chartres 2005 (9) 1/2 as,
for instance, in}) 13. Bd2 Be7 14. Rc1 c5 15. b3 O-O 16. O-O Rfd8 {
Over-protecting the knight and threatening to take on e2.} (16... Bxe2 $4 17.
Rfe1 Ba6 18. Bxd5 $18) 17. Bf3 {The opening is over and Black is slightly
ahead with the mobilisation of pieces. White still has to regroup in order to
endanger the c5-pawn.} Bf6 $146 ({In earlier games Black played} 17... Kf8 18.
Rfd1 Bf6 (18... Ke8 {Kramnik,V (2766)-Navara,D (2719) Corus Wijk aan Zee 2007 
(4) 1/2}) 19. Be1 (19. e4 {weakens the d4-square too early.} Nb4 20. Rxc5 Rxc5
(20... Nxa2 21. Nc6 Nc3 22. Bxc3 Rxd1+ 23. Bxd1 Bxc3 24. Rxc3 Bb7 $11) 21. Bxb4
Rxd1+ 22. Bxd1 Be7 23. Bxc5 Bxc5 24. Bc2 e5 {The knight can return into play
only through c4, but this would lead to a completely drawn opposite-coloured
bishops ending after ...Bxc4.} 25. a4 f6 26. Nc6 Bb7 27. Na5 Ba6 28. Nc6 Bb7
29. Na5 Ba6 30. Nc6 {1/2-1/2 Kopylov,M (2463)-Berelowitsch,A (2571) Hamburg
2006}) 19... Bg5 (19... Nb4 $5 {is simpler}) 20. Rc2 Nb4 21. Rxd8+ Bxd8 22.
Bxb4 (22. Rxc5 Rxc5 23. Bxb4 Be7 24. Bxc5 Bxc5 {leads to a familiar position.
Even with the pawn on the better e3-square it is hard for White to convert his
material advantage.}) 22... cxb4 23. Nc6 Be7 {1/2-1/2 Bu,X (2675)-Vachier
Lagrave,M (2722) Khanty-Mansiysk 2011. Even though these games ended
peacefully, the presence of the king on f8 allows the pseudo-sacrifice on c5
under several circumstances, which may be annoying for Black. This makes the
novelty quite natural.}) 18. Rc2 {White's desire to double rooks along the
c-file is understandable, but the last move allows Black to force a draw at
once.} (18. Rfd1 Nb4 $5 19. Bxb4 Rxd1+ (19... cxb4 20. Rxd8+ Rxd8 21. Nc6 Rc8
22. Rc2 Kf8 23. Nxb4 $14 {Even with the knight on a safe square the ending
would be anything but easy to win against the two strong bishops. However, the
main continuation is better.}) 20. Rxd1 cxb4 21. Rd7 Bb5 22. Rxa7 g6 {The
queenside structure and the presence of rooks favour Black, who should have
little trouble holding.}) ({A neutral move such as} 18. Kg2 {does not prevent
the thematic knight move either:} Nb4 19. Bxb4 cxb4 20. Nc6 Bg5 $1 21. Nxd8 (
21. Rc5 Bb7) (21. Rc2 Bb5 22. Nxb4 Rxc2 23. Nxc2 Rd2 $11) 21... Rxc1 22. Rxc1
Bxc1 23. Nc6 Bd2 24. Nxa7 f5 {Once again, White has very few chances to get
anything out of his extra pawn.}) ({White could have inhibited ...Nb4 with} 18.
a4 $5 g6 ({The difference is that after} 18... Nb4 $2 19. Bxb4 cxb4 20. Nc6 {
the b5-square is not available and the a4-pawn is a potential candidate to
promotion, rather than a backward pawn on a2.}) 19. Rc2 Nb4 (19... Kg7 20. Rfc1
$14) 20. Bxb4 cxb4 21. Nc6 Rd7 22. Rfc1 Bb7 23. Nxb4 Rxc2 24. Rxc2 Bxf3 25.
exf3 Rb7 26. Rc4 a5 27. Nc6 Rxb3 28. Nxa5 Rxf3 $11 {In view of all these lines,
Karjakin's novelty seems to more or less solve Black's problems.}) 18... Nb4 $1
$11 19. Bxb4 cxb4 20. Nc6 Bb5 21. Rfc1 Bxc6 {The rest is uninteresting. Both
players were heading for move 30 and a draw.} 22. Rxc6 Rxc6 23. Rxc6 a5 24. Be4
Rd1+ 25. Kg2 g6 26. Rc5 Rd2 27. Rc2 Rxc2 28. Bxc2 Kf8 29. Bd3 Ke7 30. e3 Bc3
1/2-1/2

[Event "Baku FIDE GP"]
[Site "Baku"]
[Date "2014.10.13"]
[Round "10"]
[White "Gelfand, Boris"]
[Black "Radjabov, Teimour"]
[Result "1-0"]
[WhiteElo "2748"]
[BlackElo "2726"]
[Annotator "Marin,M"]
[PlyCount "55"]
[EventDate "2014.10.02"]
[EventType "tourn"]
[EventRounds "11"]
[EventCountry "AZE"]
[EventCategory "21"]
[SourceTitle "CBM 163"]
[Source "ChessBase"]
[SourceDate "2014.11.11"]
[SourceVersion "1"]
[SourceVersionDate "2014.11.11"]
[SourceQuality "1"]

1. d4 Nf6 2. c4 e6 3. Nf3 d5 4. g3 Be7 5. Bg2 O-O 6. O-O dxc4 7. Qc2 a6 8. Qxc4
b5 9. Qc2 Bb7 10. Bd2 Be4 11. Qc1 Bb7 {A solid move if Black is content with a
draw. If he wishes more, it can also be a psychological trick, inviting White
to display his level of ambitions. but in top level events a draw by
repetition at this stage of the game is out of the question, of course.} 12.
Bf4 (12. a3 {Rodshtein,M (2609)-Giri,A (2672) Biel 2010 CBM 138 [Stohl,I] (1-0,
39)}) 12... Nd5 13. Rd1 $5 {A relativey rare move.} ({The main line goes} 13.
Nc3 {The latest annotated game went} Nxf4 14. Qxf4 Nd7 15. Rac1 $146 {
Andreikin,D (2687)-Bruzon Batista,L (2693) Havana 2011 CBM 143 [Ftacnik,L] 
(1-0, 48)}) 13... Nxf4 {Abstractly, I would consider this a concession. Since
White has delayed the development of his queen's knight, it is to be expected
that he is planning Nbd2. But this would not be too effective with the queen
on c1.} (13... Nd7 14. Nc3 Nxf4 15. Qxf4 Bd6 16. Qe3 {Ponomariov,R (2739)-Leko,
P (2752) Moscow 2009 CBM 133 [Marin,M] (1/2-1/2, 31)}) 14. Qxf4 (14. gxf4 {
is just illogical, this is not what White was playing for.} c5 (14... Bd6 $5 {
Andersen,M (2461)-Berger,S (2400) Germany 2013 (1/2-1/2, 56)}) 15. dxc5 Qc7 16.
Ne5 Bxg2 17. Kxg2 Bxc5 $11 {Johannessen,L (2538)-Sammalvuo,T (2445) Gausdal
2004 CBM 104 [Ribli] (1-0, 34)}) 14... Qd6 $6 $146 {Black adopts a popular
setup in the 13.Nc3 variation, but things are different here.} (14... Bd6 {
Kramnik,V (2785)-Radjabov,T (2744) Kazan 2011 CBM 143 [Marin,M] (1/2-1/2, 61)})
15. Nbd2 $1 {[%cal Ga1c1] Suddenly, it appears that it will not be easy for
Black to free his position with ...c7-c5. And actually this move could also
deserve a "N".} ({Indeed,} 15. Nc3 Nd7 {would transpose to a known position,
Romanishin,O (2550)-Janjgava,L (2470) Simferopol 1988 (1-0, 41)}) 15... Nd7 (
15... c5 16. Qxd6 Bxd6 17. dxc5 Bxc5 18. Rac1 Bb6 19. Ne5 $14 {[%csl Ra5,Rb8,
Rc5]}) (15... Qxf4 16. gxf4 c5 17. dxc5 Bxc5 18. Rac1 Bb6 19. Ne5 $14) 16. Rac1
$14 {White has completed his development and is ready to fight for the
blockade on c5 with Nb3. Besides, there are tricks based on Nf3-e5 all the way.
} Rad8 {Over-protecting d7 in view of the aforementioned tactical threat, but
neglecting the c-file completely. Black has a wide choice, but none of the
available continuations is entirely satisfactory.} (16... Rac8 17. Qxd6 $1 cxd6
(17... Bxd6 18. Ne5 Bxg2 19. Nxd7 Rfd8 20. Kxg2 Rxd7 21. Rc6 $16) 18. Ne5 Bxg2
(18... dxe5 19. Bxb7 {We can see why it was a good idea to wait with this
trick until the rook occupied the c8-square. With the rooks on a1 and a8,
Black could answer ...Ra7, defending everything.} Rxc1 20. Rxc1 Bg5 21. Rc2
exd4 22. Bxa6 b4 23. Ne4 Be7 24. Rc7 $14) 19. Nxd7 Rxc1 20. Rxc1 Rd8 21. Kxg2
Rxd7 22. Nb3 $14) (16... Rfd8 $2 17. Ne5 Bxg2 18. Qxf7+ $1 $18) (16... Qxf4 17.
gxf4 Rac8 (17... c5 18. Ne5 Bxg2 19. Nxd7 Rfd8 20. Nxc5 $14) 18. Ne5 Bxg2 19.
Kxg2 ({This is more active than} 19. Nxd7 Rfd8 20. Kxg2 Rxd7 21. Nb3 c6 {
since in the main line White will have better control in the centre.}) 19...
Nxe5 20. fxe5 c6 21. Nb3 $14) (16... c5 17. Qxd6 Bxd6 18. dxc5 Nxc5 19. Nc4 $36
) 17. Nb3 {Calmly continuing his plan.} (17. Rxc7 $2 {did not work due to} e5
$1 18. Rxd7 exf4 $17) ({But the plan initiated by} 17. Qxd6 {looks entirely OK.
} Bxd6 (17... cxd6 18. Rc7 $36) 18. Ne1 Bxg2 19. Kxg2 f5 20. Nd3 $14 e5 21. Nb3
$14 {[%csl Ga5,Ra6,Gc5,Gc6]}) 17... Bd5 18. Nfd2 Nb6 $6 {This loses a pawn
with just some compensation. But Black was under unpleasant pressure anyway.}
19. Rxc7 Bxb3 $2 {After giving away the control over the light squares Black
lands up in a very bad position.} (19... e5 $2 20. Qxe5 $18) ({Good or bad,
Black should have chosen something like} 19... Qxf4 20. gxf4 Bd6 21. Ra7 Na4
22. Rb1 Ra8 23. Rxa8 Rxa8 24. Bxd5 exd5 25. e3 Rc8 26. Na1 $14 {White is a
pawn up and has stopped Black's counterplay. Whether he will manage to rid
himself of the queenside pressure - that is another question.}) 20. Nxb3 Nc4 ({
Possibly, Radjabov overlooked that the last exchange had cleared the c1-f4
diagonal, allowing White to meet} 20... e5 {, based on the pin of the d-pawn,
with} 21. Qc1 $1 $18) 21. Qxd6 Bxd6 22. Ra7 a5 (22... Nxb2 23. Rc1 Rc8 24. Rc6
Rxc6 25. Bxc6 $16) 23. Rb1 Bb4 24. a3 (24. e3 $16) 24... Nd2 $2 {The decisive
mistake in a difficult position.} (24... a4 $5) 25. axb4 Nxb1 26. bxa5 {
[%cal Gg2e4] Even if Black could save his knight the a-pawn sustained by the
Catalan bishop would give him a hard time. But with the knight prisoner on b1,
his game is just lost.} f5 {[%csl Ge4]} (26... Rc8 27. Be4 $18) 27. Rc7 e5 28.
Rc1 1-0

[Event "Tashkent FIDE GP"]
[Site "Tashkent"]
[Date "2014.10.21"]
[Round "1"]
[White "Radjabov, Teimour"]
[Black "Karjakin, Sergey"]
[Result "1/2-1/2"]
[WhiteElo "2726"]
[BlackElo "2767"]
[Annotator "Szabo,Kr"]
[PlyCount "89"]
[EventDate "2014.10.21"]
[EventType "tourn"]
[EventRounds "11"]
[EventCountry "UZB"]
[EventCategory "21"]
[SourceTitle "CBM 163"]
[Source "ChessBase"]
[SourceDate "2014.11.11"]
[SourceVersion "1"]
[SourceVersionDate "2014.11.11"]
[SourceQuality "1"]

1. e4 e5 2. Nc3 Nf6 3. g3 d5 4. exd5 Nxd5 5. Bg2 Nxc3 6. bxc3 Bd6 7. Nf3 O-O 8.
O-O Nc6 9. Rb1 h6 10. d3 Rb8 11. Nh4 Be6 $146 {A logical novelty. Black simply
finishes the development, moreover the a2-pawn can be left hanging.} (11... Ne7
{has also been tried} 12. Qh5 c6 13. c4 Be6 14. f4 exf4 15. gxf4 f5 $13 {
with an unusual structure, Kosanovic-Radulov, Budapest 2001.}) 12. Qh5 Ne7 ({
The unsuspecting} 12... Bxa2 $2 {could have been met by} 13. Bxh6 $3 gxh6 (
13... Bxb1 14. Bxg7 Kxg7 15. Nf5+ $18 {and White gives mate.}) 14. Qxh6 Ne7 (
14... Be6 15. Be4 $18) 15. Ra1 Be6 ({or} 15... Bd5 16. Ra4 $18) 16. Be4 $18 {
and White is completely winning.}) 13. f4 {An ambitious reply. White ignores
the a2 P, he concentrates for his attack on the kingside. On the other hand,
this is a little bit risky too.} ({In the event of} 13. c4 Qd7 {and the queen
has to go back, otherwise Bg4 traps it.}) 13... exf4 14. gxf4 $6 {An
inaccuracy. White would like to push his fP such as with f5-f6, but he gives
up his a2P.} (14. Bxf4 Bxf4 15. Rxf4 Bxa2 16. Rxb7 (16. Rd4 $5 {an interesting
intermediate move, but} Qc8 17. Re1 Be6 {and Black is a P up.}) 16... Rxb7 17.
Bxb7 Be6 {and thanks to the passed a-pawn, Black's position is more
comfortable.}) 14... Nd5 {A solid human reaction.} ({The engine immediately
suggests the greedy} 14... Bxa2 $1 15. Ra1 ({In the event of} 15. f5 $5 f6 $1 (
15... Bxb1 $2 {is bad, because of} 16. f6 $1 $18 {and suddenly White has a
decisive attack!}) 16. Ra1 Bf7 17. Ng6 Qe8 $17 {and Black is better.}) 15...
Bd5 $1 16. Bxd5 Nxd5 $15 {and Black is a healthy pawn up.}) 15. Bxd5 ({The
tempting} 15. f5 $2 {does not work, as} Nf6 16. Qf3 Bxa2 17. Rxb7 Bc5+ 18. d4 (
18. Kh1 $2 Rxb7 19. Qxb7 Ng4 $19 {and White has no hope.}) 18... Rxb7 19. Qxb7
Bxd4+ 20. cxd4 Qxd4+ 21. Kh1 Qxh4 $17 {and Black is much better.}) 15... Bxd5
16. Nf5 Bc6 $2 {A very logical human move, but this misses White's wonderful
reply!} (16... Qf6 17. Nxh6+ (17. Be3 Rbe8 18. Bd4 Qg6+ 19. Qxg6 fxg6 20. Nxd6
cxd6 $11 {with an equal position.}) 17... Qxh6 18. Qxd5 Rfe8 $44 {with a nice
compensation for the P.}) 17. Be3 $2 {The most natural reply.} ({However, the
computer suggests the really strange} 17. Kf2 $3 {. White simply prepares for
the very dangerous Rg1 and Black's king is in a big trouble.} Qf6 (17... Bc5+
18. d4) 18. Rg1 Kh8 19. Be3 $1 $18 {and Black can't defend against White's
decisive attack.}) 17... Qf6 18. Bd4 Qg6+ 19. Qxg6 fxg6 20. Nxd6 cxd6 $11 {
The position is completely drawish, because of the opposite coloured Bs and
the Rs are not active enough. The subsequent moves will not change the
situation.} 21. Rbe1 Rbe8 22. Rxe8 Rxe8 23. Bxa7 Ra8 24. Bb6 Rxa2 25. Rf2 Ba4
26. Bc7 d5 27. Be5 Kf7 28. Kg2 h5 29. h4 Bd7 30. Kg1 Bg4 31. Bd4 b5 32. Be5 Ra7
33. Kg2 Ke6 34. Bd4 Re7 35. Be5 Kf5 36. Rf1 Ra7 37. Rb1 g5 $5 {Karjakin tries
to create some counterplay.} (37... Ra2 38. Rc1 $11) 38. Bd4 ({In the event of
White capturing the P with} 38. hxg5 Ra2 (38... h4 $2 39. Rh1) 39. Kg3 (39.
Rxb5 $2 h4 $1) 39... Rxc2 40. Rxb5 Re2 (40... h4+ 41. Kxh4 Rh2+ 42. Kg3 Rh3+
43. Kf2 Rf3+ 44. Kg1 Rxd3 $11 {is also a drawish endgame.}) 41. Rxd5 Re3+ 42.
Kg2 Re2+ (42... Bf3+ 43. Kf2) 43. Kf1 Bf3 44. Bxg7+ Kg4 45. Be5 ({if} 45. f5 h4
46. Rd6 h3 47. Rh6 Rd2 48. f6 Kf4 $1 49. Rxh3 Rd1+ 50. Kf2 Rd2+ $11 {with a
beautiful draw.}) 45... h4 $1 {White is 3 Ps up, but Black is too active.} 46.
g6 h3 47. Rd8 h2 48. Rh8 Kg3 49. g7 Rf2+ 50. Ke1 Re2+ $11 {with perpetual
check. What an interesting variation in the endgame!}) 38... Ra2 39. fxg5 Rxc2+
40. Kg3 Rd2 41. Bxg7 Rxd3+ 42. Kf2 Rh3 43. Rxb5 Rxh4 44. Rxd5+ Kg6 45. Be5
1/2-1/2

[Event "Tashkent FIDE GP"]
[Site "Tashkent"]
[Date "2014.10.22"]
[Round "2"]
[White "Jakovenko, Dmitrij"]
[Black "Radjabov, Teimour"]
[Result "1/2-1/2"]
[WhiteElo "2747"]
[BlackElo "2726"]
[PlyCount "99"]
[EventDate "2014.10.21"]
[EventType "tourn"]
[EventRounds "11"]
[EventCountry "UZB"]
[EventCategory "21"]
[SourceTitle "CBM 163"]
[Source "ChessBase"]
[SourceDate "2014.11.11"]
[SourceVersion "1"]
[SourceVersionDate "2014.11.11"]
[SourceQuality "1"]

1. Nf3 Nf6 2. c4 c5 3. Nc3 Nc6 4. g3 d5 5. d4 e6 6. cxd5 Nxd5 7. Bg2 cxd4 8.
Nxd4 Nxc3 9. bxc3 Nxd4 10. Qxd4 Qxd4 11. cxd4 Bb4+ 12. Bd2 Bxd2+ 13. Kxd2 Ke7
14. Rhc1 Rd8 15. Rc7+ Rd7 16. Rac1 Kd8 17. Rxd7+ Kxd7 18. g4 h6 19. f4 Rb8 20.
g5 hxg5 21. fxg5 b6 22. g6 fxg6 23. Be4 Kd6 24. Rc6+ Kd7 25. Rc1 Kd6 26. Bxg6
Bd7 27. h4 Rf8 28. h5 Rf2 29. Rg1 Bb5 30. Bd3 Bxd3 31. Kxd3 Rf5 32. Rxg7 Rxh5
33. Rxa7 e5 34. Ra4 Rh3+ 35. Kd2 e4 36. Rb4 Kd5 37. Rxb6 Kxd4 38. Rb4+ Ke5 39.
Rb3 Rh1 40. Ke3 Rh3+ 41. Kd2 Rh1 42. Rb2 Kd4 43. a3 Ra1 44. Rb4+ Ke5 45. Rb3
Kf4 46. e3+ Kf3 47. Kc3 Re1 48. Kd4 Rd1+ 49. Kc4 Rc1+ 50. Kd4 1/2-1/2

[Event "Tashkent FIDE GP"]
[Site "Tashkent"]
[Date "2014.10.23"]
[Round "3"]
[White "Radjabov, Teimour"]
[Black "Vachier Lagrave, Maxime"]
[Result "1/2-1/2"]
[WhiteElo "2726"]
[BlackElo "2757"]
[Annotator "CB"]
[PlyCount "81"]
[EventDate "2014.10.21"]
[EventType "tourn"]
[EventRounds "11"]
[EventCountry "UZB"]
[EventCategory "21"]
[SourceTitle "CBM 163"]
[Source "ChessBase"]
[SourceDate "2014.11.11"]
[SourceVersion "1"]
[SourceVersionDate "2014.11.11"]
[SourceQuality "1"]

1. e4 c5 2. Nf3 d6 3. d4 cxd4 4. Nxd4 Nf6 5. Nc3 a6 6. f3 e5 7. Nb3 Be6 8. Be3
Be7 9. Qd2 O-O 10. O-O-O Nbd7 11. g4 b5 12. g5 b4 13. Ne2 Ne8 14. f4 a5 15. f5
a4 16. fxe6 axb3 17. cxb3 fxe6 18. Bh3 Rxa2 19. Bxe6+ Kh8 20. Ng3 Nc7 21. Bc4
Qa8 22. Rhf1 Rxf1 23. Rxf1 Ra1+ 24. Kc2 Rxf1 25. Bxf1 d5 26. Qf2 g6 {The first
new move of the game! Both sides had analyzed this variation very deeply, but
with different engines! Sources say that MVL analyzed this very deeply with
Houdini, while Radjabov used either Stockfish, Komodo or his own eyes. Who was
right?} (26... Qc6+ 27. Kb1 d4 28. Bd2 {was seen a couple of times in the
Playchess Fresstyle tournament of 2007. (That is, half machine half human
matches).}) 27. h4 Qf8 28. Qxf8+ Nxf8 29. Ba7 dxe4 30. Bb8 (30. Nxe4 $16 {
Is what my Stockfish says. But I don't know how reliable it is!}) 30... Nfe6
31. Nxe4 h6 32. Bc4 hxg5 33. hxg5 Kg7 34. Kd3 Kf8 35. Ke3 Bd8 36. Bxe6 Nxe6 37.
Bxe5 Nxg5 {Now it is clear the game will end in a draw. The material is too
reduced.} 38. Bd6+ Ke8 39. Bxb4 Nxe4 40. Kxe4 Kd7 41. Kd5 1/2-1/2

[Event "Tashkent FIDE GP"]
[Site "Tashkent"]
[Date "2014.10.24"]
[Round "4"]
[White "Jobava, Baadur"]
[Black "Radjabov, Teimour"]
[Result "1/2-1/2"]
[WhiteElo "2717"]
[BlackElo "2726"]
[Annotator "CB"]
[PlyCount "80"]
[EventDate "2014.10.21"]
[EventType "tourn"]
[EventRounds "11"]
[EventCountry "UZB"]
[EventCategory "21"]
[SourceTitle "CBM 163"]
[Source "ChessBase"]
[SourceDate "2014.11.11"]
[SourceVersion "1"]
[SourceVersionDate "2014.11.11"]
[SourceQuality "1"]

1. d4 Nf6 2. c4 g6 3. Nc3 d5 4. Bg5 Bg7 5. Bxf6 Bxf6 6. cxd5 c5 7. Nf3 cxd4 8.
Nxd4 Qb6 9. e3 {A couple of GM games had continued with e3 in stead.} Qxb2 10.
Bb5+ Nd7 11. Rc1 O-O {with equal material, the pair of bishops and a solid
position Black shuld be happy with the opening situation.} 12. O-O a6 13. Bxd7
Bxd7 14. d6 exd6 15. Nd5 Bd8 16. Qf3 Rc8 17. Rb1 Qxa2 18. Rxb7 Rc5 19. Nb4 Qa4
20. Nxa6 Bc6 (20... Rg5 21. h4 $1 (21. Nb4 Bg4 22. Qf4 Bh3 $17) 21... Rh5 22.
Nb4 {keeps some compensation for White.}) 21. Nxc6 Rf5 22. Rb4 Qxa6 23. Rf4
Rxf4 24. exf4 Bf6 {The position is now unwinnable.} 25. Nb4 Qc4 26. Nd5 Kg7 27.
f5 Qd4 28. Rd1 Qe5 29. fxg6 hxg6 30. g3 (30. Nxf6 Qxf6 31. Qxf6+ Kxf6 32. Rxd6+
{is an extra pawn in an endgame that is not hard to hold.}) 30... Re8 31. h4
Bd8 32. Nf4 Qe4 33. Qg4 Bb6 34. h5 Bc5 35. Rf1 Qf5 36. Qxf5 gxf5 37. Rb1 Re7
38. Kg2 Ra7 39. Rb3 Kh6 40. Rf3 Re7 1/2-1/2

[Event "Tashkent FIDE GP"]
[Site "Tashkent"]
[Date "2014.10.26"]
[Round "5"]
[White "Radjabov, Teimour"]
[Black "Andreikin, Dmitry"]
[Result "1/2-1/2"]
[WhiteElo "2726"]
[BlackElo "2722"]
[Annotator "CB"]
[PlyCount "71"]
[EventDate "2014.10.21"]
[EventType "tourn"]
[EventRounds "11"]
[EventCountry "UZB"]
[EventCategory "21"]
[SourceTitle "CBM 163"]
[Source "ChessBase"]
[SourceDate "2014.11.11"]
[SourceVersion "1"]
[SourceVersionDate "2014.11.11"]
[SourceQuality "1"]

{Radjabov, Teimour ½-½ Andreikin, Dmitry Radjabov's novelty on move 22 of a
fashionable line of the Berlin was not impressive at all. Andreikin equalized
easily and Radjabov had to force a perpetual before he ended up worse.} 1. e4
e5 2. Nf3 Nc6 3. Bb5 Nf6 4. O-O Nxe4 5. d4 Nd6 6. Bxc6 dxc6 7. dxe5 Nf5 8.
Qxd8+ Kxd8 9. h3 Ke8 10. Nc3 h5 11. Bf4 Be7 12. Rad1 Be6 13. Ng5 Rh6 14. Rfe1
Bb4 15. g4 hxg4 16. hxg4 Ne7 17. Nxe6 Rxe6 18. Kg2 Bxc3 19. bxc3 Rd8 20. Rxd8+
Kxd8 21. Rh1 Nd5 22. Rh8+ {A novelty on move 22. Anand-Karjakin from the
Candidate's was the game they were following.} Kd7 (22... Re8 {is the computer
suggestion, saying Black is slightly better, but surely Radjabov had some deep
preparation in this line}) 23. Bg3 g5 24. Rg8 Nf4+ 25. Bxf4 gxf4 26. Rg5 Rg6
27. Rh5 Rxg4+ 28. Kf3 Rg1 29. Kxf4 Rf1 {White doesn't have any real winning
chances in this endgame.} 30. Ke3 Ra1 31. f4 Rxa2 32. f5 Rxc2 33. Rh7 Ke8 34.
Kf4 f6 35. e6 a5 36. Rh8+ 1/2-1/2